[Event "Madrid Chamartin op 6th"]
[Site "Madrid"]
[Date "2017.09.09"]
[Round "8"]
[White "Fernandez Alvarez, Luis"]
[Black "Moreno Ibanez, Miguel"]
[Result "1/2-1/2"]
[WhiteElo "2088"]
[BlackElo "2289"]
[PlyCount "69"]
[EventDate "2017.09.04"]
[EventType "swiss"]
[EventRounds "9"]
[EventCountry "ESP"]
[SourceTitle "CBM 180 Extra"]
[Source "ChessBase"]
[SourceDate "2017.10.06"]
[SourceVersion "1"]
[SourceVersionDate "2017.10.06"]
[SourceQuality "1"]

1. e4 g6 2. d4 d6 3. Bc4 Bg7 4. Nf3 e6 5. 0-0 Ne7 6. Re1 0-0 7. c3 b6 8. Qe2 Bb7 9. Bg5 h6 10. Bh4 Nd7 11. Nbd2 Re8 12. Bg3 Nf8 13. e5 Nf5 14. Rad1 g5 15. h3 Ng6 16. Bd3 Qd7 17. Bh2 Rad8 18. Ne4 Bxe4 19. Bxe4 d5 20. Bd3 a5 21. Nd2 Rb8 22. Rf1 Qe7 23. f4 gxf4 24. Bxf4 c5 25. Bxf5 exf5 26. Qh5 cxd4 27. cxd4 Nxf4 28. Rxf4 f6 29. Nf3 fxe5 30. dxe5 Rbd8 31. Qxf5 Rf8 32. Qg4 Rxf4 33. Qxf4 Qc5+ 34. Kh1 d4 35. Qe4 1/2-1/2

[Event "ESP-ch U18"]
[Site "Salobrena"]
[Date "2015.07.30"]
[Round "6"]
[White "Redondo Benavente, Ana"]
[Black "Fernandez Alvarez, Luis"]
[Result "0-1"]
[WhiteElo "1920"]
[BlackElo "2059"]
[PlyCount "112"]
[EventDate "2015.07.27"]
[EventType "swiss"]
[EventRounds "9"]
[EventCountry "ESP"]
[SourceTitle "EXT 2016"]
[Source "ChessBase"]
[SourceDate "2015.10.08"]
[SourceVersion "1"]
[SourceVersionDate "2015.10.08"]
[SourceQuality "1"]

1. Nc3 c6 2. e4 g6 3. d4 d5 4. exd5 cxd5 5. Bd3 Bg7 6. Nf3 Nc6 7. 0-0 Nf6 8. h3 0-0 9. Re1 a6 10. a3 Qc7 11. Bg5 Be6 12. Qd2 b5 13. Bf4 Qa7 14. Bf1 Rac8 15. Rad1 Rfd8 16. Ne5 Bf5 17. g4 Be6 18. Bg2 Qb6 19. Bh2 Na5 20. b3 Nc6 21. a4 h5 22. axb5 axb5 23. g5 Ne4 24. Nxe4 dxe4 25. Nxc6 Qxc6 26. Qe3 Qxc2 27. Bxe4 Qxb3 28. d5 Qxe3 29. Rxe3 Rc4 30. Rdd3 Bxh3 31. Bc7 Rxc7 32. Rxh3 Be5 33. Rhf3 Bd6 34. Kg2 b4 35. Rd4 Kg7 36. Bb1 Rc1 37. Rb3 Ra8 38. f4 Ra1 39. Bd3 Rg1+ 40. Kf2 Rgd1 41. Rc4 Ra2+ 42. Kg3 Ra3 43. Rxa3 bxa3 44. Bc2 a2 45. Bxd1 a1Q 46. Bf3 Qg1+ 47. Bg2 Qe3+ 48. Bf3 h4+ 49. Kg4 h3 50. Re4 Qb3 51. f5 gxf5+ 52. Kh4 fxe4 53. g6 Qxf3 54. gxf7 Bg3+ 55. Kxh3 Bf4+ 56. Kh4 Qg3+ 0-1

[Event "San Pedro del Pinatar op 6th"]
[Site "San Pedro del Pinatar"]
[Date "2015.02.01"]
[Round "6"]
[White "Fernandez Alvarez, Luis"]
[Black "Soria Bastida, Juan Pablo"]
[Result "1-0"]
[WhiteElo "1973"]
[BlackElo "1709"]
[PlyCount "49"]
[EventDate "2015.01.30"]
[EventType "swiss"]
[EventRounds "7"]
[EventCountry "ESP"]
[SourceTitle "CBM 164 Extra"]
[Source "ChessBase"]
[SourceDate "2015.03.02"]
[SourceVersion "1"]
[SourceVersionDate "2015.03.02"]
[SourceQuality "1"]

1. e4 c6 2. Nc3 d5 3. Nf3 dxe4 4. Nxe4 Bf5 5. Ng3 Bg6 6. h4 h6 7. Ne5 Bh7 8. Qh5 g6 9. Qf3 Qd5 10. Qxd5 cxd5 11. Bb5+ Nc6 12. Nxc6 bxc6 13. Bxc6+ Kd8 14. Bxa8 Nf6 15. Bc6 e5 16. d3 Kc7 17. Ba4 Bc5 18. Be3 d4 19. Bd2 Nd5 20. 0-0-0 Rb8 21. Ne4 Be7 22. Bb3 Nb6 23. Bxf7 Na4 24. Bb3 Nb6 25. Ba5 1-0

[Event "San Pedro del Pinatar op 6th"]
[Site "San Pedro del Pinatar"]
[Date "2015.01.31"]
[Round "3"]
[White "Ibanez Guillen, Enrique"]
[Black "Fernandez Alvarez, Luis"]
[Result "0-1"]
[WhiteElo "1851"]
[BlackElo "1973"]
[PlyCount "76"]
[EventDate "2015.01.30"]
[EventType "swiss"]
[EventRounds "7"]
[EventCountry "ESP"]
[SourceTitle "CBM 164 Extra"]
[Source "ChessBase"]
[SourceDate "2015.03.02"]
[SourceVersion "1"]
[SourceVersionDate "2015.03.02"]
[SourceQuality "1"]

1. c4 Nf6 2. g3 g6 3. Bg2 d6 4. b4 Bg7 5. Bb2 e5 6. b5 0-0 7. d3 a6 8. Nc3 Nbd7 9. a4 Nc5 10. Ba3 Re8 11. Qc2 Qe7 12. Bxc5 dxc5 13. Rb1 axb5 14. axb5 Ra7 15. Nd5 Nxd5 16. Bxd5 Be6 17. Bg2 Bf5 18. e4 Be6 19. Ne2 Qd6 20. 0-0 Rd8 21. Rfd1 Bh6 22. Nc3 Bg4 23. b6 Bxd1 24. Qxd1 cxb6 25. Nd5 Ra6 26. Bh3 Rda8 27. Bg4 Bg7 28. h4 h5 29. Bh3 Bf6 30. Kg2 Kg7 31. Kf3 Bd8 32. Ke3 Ra2 33. g4 Bxh4 34. gxh5 Bxf2+ 35. Kf3 Qd8 36. Qh1 Qh4 37. Qg2 Bd4 38. h6+ Kxh6 0-1

[Event "San Pedro del Pinatar op 6th"]
[Site "San Pedro del Pinatar"]
[Date "2015.01.30"]
[Round "2"]
[White "Fernandez Alvarez, Luis"]
[Black "Castillo Lorente, Jose Luis"]
[Result "1-0"]
[WhiteElo "1973"]
[BlackElo "1712"]
[PlyCount "71"]
[EventDate "2015.01.30"]
[EventType "swiss"]
[EventRounds "7"]
[EventCountry "ESP"]
[SourceTitle "CBM 164 Extra"]
[Source "ChessBase"]
[SourceDate "2015.03.02"]
[SourceVersion "1"]
[SourceVersionDate "2015.03.02"]
[SourceQuality "1"]

1. e4 c5 2. Nf3 Nc6 3. d4 cxd4 4. Nxd4 Nf6 5. Nc3 d6 6. Bg5 e6 7. Qd2 h6 8. Bxf6 gxf6 9. 0-0-0 a6 10. f4 Qa5 11. Nb3 Qc7 12. Kb1 b5 13. Bd3 Bb7 14. Rhf1 Be7 15. f5 Ne5 16. Nd4 Nc4 17. Qe2 e5 18. Ndxb5 axb5 19. Nxb5 Qa5 20. Bxc4 0-0 21. Nxd6 Bxd6 22. Rxd6 Rfc8 23. Bb3 Ba6 24. Qg4+ Kf8 25. Rfd1 Bc4 26. Qh3 Bxb3 27. Qxb3 Rab8 28. Qh3 Ke8 29. R6d3 Qc5 30. c3 Qa3 31. R1d2 Qa7 32. Qxh6 Rc7 33. Qxf6 Qg1+ 34. Rd1 Rxb2+ 35. Kxb2 Rb7+ 36. Ka1 1-0

[Event "Almansa op-A"]
[Site "Almansa"]
[Date "2014.08.06"]
[Round "2"]
[White "Fernandez Alvarez, Luis"]
[Black "Vilanova Corbi, Jorge"]
[Result "1/2-1/2"]
[WhiteElo "1884"]
[BlackElo "2137"]
[PlyCount "51"]
[EventDate "2014.08.05"]
[EventType "swiss"]
[EventRounds "9"]
[EventCountry "ESP"]
[SourceTitle "EXT 2019"]
[Source "ChessBase"]
[SourceDate "2018.10.10"]
[SourceVersion "1"]
[SourceVersionDate "2018.10.10"]
[SourceQuality "1"]

1. e4 e6 2. d4 d5 3. Nc3 Bb4 4. e5 c5 5. Bd2 Nc6 6. Nb5 Bxd2+ 7. Qxd2 Nxd4 8. Nxd4 cxd4 9. f4 Ne7 10. Nf3 Nc6 11. 0-0-0 Qb6 12. Nxd4 Bd7 13. Kb1 0-0 14. g4 Nxd4 15. Qxd4 Qxd4 16. Rxd4 f6 17. exf6 Rxf6 18. Bg2 Raf8 19. f5 exf5 20. Bxd5+ Be6 21. Bxe6+ Rxe6 22. gxf5 Rxf5 23. Rd7 Rf7 24. Rd8+ Rf8 25. Rd7 Rf7 26. Rd8+ 1/2-1/2

[Event "San Pedro del Pinatar 4th"]
[Site "San Pedro del Pinatar"]
[Date "2013.01.11"]
[Round "1.5"]
[White "Castilla Leon Salas, Carlos"]
[Black "Fernandez Alvarez, Luis"]
[Result "1-0"]
[WhiteElo "2127"]
[BlackElo "1727"]
[PlyCount "71"]
[EventDate "2013.01.11"]
[EventType "swiss"]
[EventRounds "7"]
[EventCountry "ESP"]
[SourceTitle "EXT 2024"]
[Source "ChessBase"]
[SourceDate "2023.10.10"]
[SourceVersion "1"]
[SourceVersionDate "2023.10.10"]
[SourceQuality "1"]

1. d4 d5 2. c4 e6 3. Nc3 Nf6 4. cxd5 exd5 5. Bg5 Nbd7 6. e3 c6 7. Bd3 Be7 8. Qc2 0-0 9. Nge2 Re8 10. 0-0 h6 11. Bh4 Ne4 12. Bxe7 Qxe7 13. Bxe4 dxe4 14. d5 Nf6 15. dxc6 bxc6 16. Na4 Ba6 17. Rfe1 Bxe2 18. Rxe2 Rec8 19. Nc5 Rab8 20. Rc1 Qe5 21. h3 g5 22. Qc3 Qf5 23. Nb3 Qg6 24. Rd2 Nd5 25. Qc4 Kh7 26. Rd4 h5 27. Rxe4 Rb4 28. Qa6 Qxe4 29. Qxc8 Nxe3 30. Qxc6 Qf4 31. fxe3 Qxe3+ 32. Kh1 g4 33. Qc3 Qf4 34. Qd3+ Kg7 35. Rf1 Qb8 36. Qf5 1-0